000 01283nam0a2200301 4500
001 RU\NLR\BIBL_A\011410165
005 20240921110829.0
010 _a9785950008030
_9300
021 _aRU
_b2017-39656
_92891
035 _a(RuMoRGB)008898037
035 _a(NLR Aleph) 011410165
090 _a11553510
_c11553510
100 _a20170619d2017 u y0rusy50 ca
101 0 _arus
102 _aRU
105 _ay zzjz||000zy
200 1 _aОрганы государственной власти в России
_eучебное пособие для студентов всех направлений подготовки бакалавриата
_fЕ. А. Першина
210 _aСтаврополь
_cТЭСЭРА
_d2017
215 _a134 с.
_d21
320 _aБиблиогр.: с. 130-134 (69 назв.)
606 1 _aОрганы государственной власти
_jУчебные издания для высших учебных заведений
_yРоссийская Федерация
_92092576
_3RU\NLR\AUTH\661266442
686 _aХ620.61я73-1
_2rubbk
686 1 _aХ620.61я73
700 1 _aПершина
_bЕ. А.
_gЕлена Анатольевна
942 _cBOOK
980 _aNBR